Formación de dirigentes y organización de grupos comunitarios / (Record no. 26842)

MARC details
000 -LEADER
campo de control de longitud fija 00483nam a2200157 i 4500
001 - NÚMERO DE CONTROL
campo de control 26842
003 - IDENTIFICADOR DE NÚMERO DE CONTROL
campo de control ES-MaACL
005 - FECHA Y HORA DE LA ÚLTIMA TRANSACCIÓN
campo de control 20230906153518.0
007 - CAMPO FIJO DE DESCRIPCIÓN FÍSICA--INFORMACIÓN GENERAL
campo de control de longitud fija t|
008 - DATOS DE LONGITUD FIJA--INFORMACIÓN GENERAL
campo de control de longitud fija 030110s1968 sp ||||1| spa d
100 1# - ENTRADA PRINCIPAL--NOMBRE DE PERSONA
Nombre de persona Avezuela Calleja, Manuel.
9 (RLIN) 24033
245 10 - MENCIÓN DEL TÍTULO
Título Formación de dirigentes y organización de grupos comunitarios /
Mención de responsabilidad, etc. Manuel Avezuela Calleja.
260 ## - PUBLICACIÓN, DISTRIBUCIÓN, ETC.
Lugar de publicación, distribución, etc. Barcelona :
Nombre del editor, distribuidor, etc. Sagitario,
Fecha de publicación, distribución, etc. [1968]
300 ## - DESCRIPCIÓN FÍSICA
Extensión 2 t. en 1 v. ;
Dimensiones 22 cm.
852 ## - LOCALIZACIÓN
Ubicación ES-MaACL
Número de control de estantería C-46816
Sublocalización o colección R.67277
Holdings
Estatus retirado Estado de pérdida Estado de daño No para préstamo Biblioteca de origen Biblioteca actual Ubicación en estantería Fecha de adquisición Fuente de adquisición Total de préstamos Signatura topográfica completa Código de barras Visto por última vez Precio de reemplazo Tipo de ítem Koha
        Biblioteca del Ateneo de Madrid Biblioteca del Ateneo de Madrid Depósito 2 17/01/2008     C-46816 1027707 23/02/2023 23/02/2023 Libro impreso